[Event "Elit(Skara-Limhamn)"]
[Site "?"]
[Date "2007.11.17"]
[Round "4"]
[White "Svensson, Sven"]
[Black "Carlsson, Daniel"]
[Result "1-0"]
[WhiteElo "2273"]
[BlackElo "2307"]
[PlyCount "89"]

1. d4 Nf6 2. c4 g6 3. Nc3 Bg7 4. Bg5 O-O 5. Nf3 d6 6. e3 Nc6 7. Be2 Bf5 8. O-O
h6 9. Bh4 Nb4 10. a3 Nc6 11. b4 g5 12. Bg3 Nh5 13. Nxg5 Nxg3 14. fxg3 Bg6 15.
Nf3 e5 16. Qd2 exd4 17. exd4 Re8 18. Rae1 Be4 19. Nxe4 Rxe4 20. Bd1 Rxe1 21.
Rxe1 d5 22. c5 Qf6 23. Ne5 Re8 24. Ba4 Re6 25. Bxc6 bxc6 26. Nf3 Re4 27. Rxe4
dxe4 28. Ne5 Qe6 29. Qc3 h5 30. h3 Qd5 31. Qc4 Qxc4 32. Nxc4 Bxd4+ 33. Kf1 f5
34. Na5 Bb2 35. a4 Kf7 36. Nxc6 Ba3 37. Ke2 a5 38. bxa5 Bxc5 39. a6 Ke6 40. a7
Bxa7 41. Nxa7 Kd5 42. Ke3 Kc4 43. Nc6 Kc5 44. Ne7 Kb4 45. Nxf5 1-0

[Event "Elit(Skara-Limhamn)"]
[Site "?"]
[Date "2007.11.17"]
[Round "4"]
[White "Penalver, Osmani"]
[Black "Eklund, Lars-Goran"]
[Result "1-0"]
[WhiteElo "2264"]
[BlackElo "2358"]
[PlyCount "83"]

1. d4 d5 2. c4 c6 3. Nc3 Nf6 4. Bg5 e6 5. cxd5 exd5 6. Qc2 Nbd7 7. e3 Be7 8.
Bd3 O-O 9. Nge2 Re8 10. O-O Nf8 11. Rab1 a5 12. a3 Ne4 13. Bxe7 Qxe7 14. Bxe4
dxe4 15. b4 Bf5 16. Na4 axb4 17. axb4 Ra7 18. Nb6 Be6 19. Qc5 Ra6 20. Ra1 Ba2
21. Nc3 Qd8 22. Rxa2 Rxb6 23. Rfa1 Ne6 24. Qa5 h6 25. h3 Nf8 26. Qc5 Nd7 27.
Qf5 Nf6 28. Qa5 Nd7 29. Kf1 Qe7 30. b5 Qe6 31. bxc6 bxc6 32. Kg1 Reb8 33. Rc2
Kh7 34. Rac1 Rb2 35. Rxb2 Rxb2 36. Nd1 Rb5 37. Qc7 c5 38. dxc5 Ne5 39. Qd6 Qxd6
40. cxd6 Nd3 41. Rc4 f5 42. d7 1-0

[Event "Elit(Skara-Limhamn)"]
[Site "?"]
[Date "2007.11.17"]
[Round "4"]
[White "Dahlstrom, Rickard"]
[Black "Holst, Conny"]
[Result "0-1"]
[WhiteElo "2067"]
[BlackElo "2233"]
[PlyCount "44"]

1. c4 Nf6 2. Nc3 g6 3. e4 d6 4. d4 Bg7 5. f3 O-O 6. Be3 Nc6 7. Qd2 a6 8. Nge2
Re8 9. Nc1 e5 10. d5 Nd4 11. Nb3 c5 12. dxc6 bxc6 13. Nxd4 exd4 14. Bxd4 Rb8
15. Be2 d5 16. cxd5 cxd5 17. e5 Nd7 18. O-O Nxe5 19. Rfd1 Bf5 20. b3 Nd3 21.
Bxd3 Bxd4+ 22. Kh1 Qa5 0-1

[Event "Elit(Skara-Limhamn)"]
[Site "?"]
[Date "2007.11.17"]
[Round "4"]
[White "Nylen, Anders"]
[Black "Cederqvist, Niclas"]
[Result "1-0"]
[WhiteElo "2239"]
[BlackElo "2131"]
[PlyCount "49"]

1. d4 d5 2. c4 c6 3. Nc3 Nf6 4. Bg5 e6 5. e3 Be7 6. cxd5 cxd5 7. Bd3 Nc6 8. Nf3
a6 9. O-O b5 10. Rc1 Bb7 11. Bb1 Rc8 12. Qd3 h6 13. Bh4 Na5 14. b3 Ne4 15. Bxe7
Qxe7 16. Ne5 Nd6 17. Ne2 Ne4 18. Rxc8+ Bxc8 19. f3 Nf6 20. Qc3 Qd8 21. Qb4 Bb7
22. Rc1 Qb6 23. Nf4 g5 24. Nfg6 fxg6 25. Bxg6+ 1-0

[Event "Elit(Skara-Limhamn)"]
[Site "?"]
[Date "2007.11.17"]
[Round "4"]
[White "Andersson, Goran"]
[Black "Eklund, Joel"]
[Result "1/2-1/2"]
[WhiteElo "2216"]
[BlackElo "2161"]
[PlyCount "132"]

1. e4 c5 2. Nf3 e6 3. d4 cxd4 4. Nxd4 a6 5. Bd3 Bc5 6. Nb3 Be7 7. Qg4 g6 8. Qe2
d6 9. O-O Qc7 10. Nc3 Nd7 11. f4 Ngf6 12. Bd2 b6 13. Rae1 Nc5 14. Nxc5 Qxc5+
15. Be3 Qc7 16. e5 Nd7 17. exd6 Bxd6 18. Ne4 Be7 19. f5 gxf5 20. Qh5 Bb7 21.
Bg5 Bxg5 22. Nxg5 O-O-O 23. Qxf7 Rhg8 24. Nf3 Nc5 25. Qxc7+ Kxc7 26. Bc4 Rg6
27. Rf2 b5 28. Bf1 Ne4 29. Rfe2 Bd5 30. Ne5 Rg7 31. c4 bxc4 32. Nxc4 Kb8 33.
Re3 Ka7 34. b3 Rc8 35. h3 Rcg8 36. g4 fxg4 37. Rxe4 gxh3+ 38. Kh2 Bxe4 39. Rxe4
Rg1 40. Bxh3 R8g7 41. Rxe6 Ra1 42. Re2 h5 43. Bg2 Rc1 44. Re8 Rxg2+ 45. Kxg2
Rc2+ 46. Kg3 Rxa2 47. Re7+ Kb8 48. Rh7 Rc2 49. Kh4 Rc3 50. Na5 Rc5 51. b4 Rc1
52. Rb7+ Ka8 53. Kxh5 Rg1 54. Re7 Kb8 55. Nc6+ Kc8 56. Ra7 Rc1 57. Ne7+ Kd8 58.
Kg5 Rc7 59. Rxc7 Kxc7 60. Nd5+ Kd6 61. Nc3 Ke5 62. Na4 Kd5 63. Nc5 a5 64. bxa5
Kxc5 65. Kf5 Kb5 66. Ke5 Kxa5 1/2-1/2

[Event "Elit(Wasa-Vasteras)"]
[Site "?"]
[Date "2007.11.17"]
[Round "4"]
[White "Norberg, Johan"]
[Black "Wedberg, Tom"]
[Result "0-1"]
[WhiteElo "2392"]
[BlackElo "2562"]
[PlyCount "56"]

1. e4 e5 2. Nf3 Nc6 3. Bc4 Nf6 4. d3 Be7 5. c3 O-O 6. Bb3 d5 7. Nbd2 Re8 8. O-O
Bf8 9. Re1 Be6 10. Ba4 dxe4 11. dxe4 Nd7 12. Nf1 f6 13. Qe2 Nc5 14. Bc2 a5 15.
Ne3 Qd7 16. Rd1 Qf7 17. Nd5 Red8 18. c4 Bg4 19. Be3 Ne6 20. Rac1 Ncd4 21. Bxd4
Nxd4 22. Rxd4 exd4 23. e5 c6 24. Qd3 Qh5 25. Nf4 Qh6 26. exf6 Bd6 27. Qxh7+
Qxh7 28. Bxh7+ Kh8 0-1

[Event "Elit(Wasa-Vasteras)"]
[Site "?"]
[Date "2007.11.17"]
[Round "4"]
[White "Genkin, Michael"]
[Black "Akesson, Ralf"]
[Result "1/2-1/2"]
[WhiteElo "2351"]
[BlackElo "2530"]
[PlyCount "33"]

1. d4 Nf6 2. c4 g6 3. g3 Bg7 4. Bg2 d5 5. Nf3 O-O 6. cxd5 Nxd5 7. O-O Nb6 8.
Nc3 Nc6 9. Bf4 Nxd4 10. Nxd4 Bxd4 11. Nb5 Bxb2 12. Rb1 Qxd1 13. Rfxd1 Bg7 14.
Nxc7 Rb8 15. Nd5 Nxd5 16. Rxd5 Bf5 17. Rxf5 1/2-1/2

[Event "Elit(Wasa-Vasteras)"]
[Site "?"]
[Date "2007.11.17"]
[Round "4"]
[White "Norberg, Erik"]
[Black "Astrom, Goran"]
[Result "1-0"]
[WhiteElo "2259"]
[BlackElo "2297"]
[PlyCount "49"]

1. g3 e5 2. Bg2 Nf6 3. c4 Nc6 4. Nc3 Bb4 5. d3 O-O 6. e4 a5 7. Nge2 Bc5 8. O-O
Nd4 9. h3 Nxe2+ 10. Qxe2 d6 11. Kh2 c6 12. f4 Ne8 13. f5 f6 14. Qh5 Nc7 15. g4
Qe8 16. Qh4 h6 17. Bf3 Bd7 18. Ne2 Qe7 19. Qg3 Kf7 20. Rd1 Rad8 21. d4 Bb6 22.
c5 dxc5 23. dxe5 fxe5 24. g5 Rg8 25. gxh6 1-0

[Event "Elit(Wasa-Vasteras)"]
[Site "?"]
[Date "2007.11.17"]
[Round "4"]
[White "Heinola, Vesa"]
[Black "Eriksson, Anders"]
[Result "0-1"]
[WhiteElo "2295"]
[BlackElo "2360"]
[PlyCount "84"]

1. d4 Nf6 2. c4 e6 3. Nf3 Bb4+ 4. Bd2 Qe7 5. g3 O-O 6. Bg2 Bxd2+ 7. Qxd2 d6 8.
Nc3 e5 9. O-O Re8 10. e4 a5 11. d5 Na6 12. b3 c6 13. Rad1 Rd8 14. Rfe1 Bg4 15.
h3 Bh5 16. g4 Bg6 17. Nh4 Nc5 18. Nf5 Bxf5 19. exf5 cxd5 20. Bxd5 Rab8 21. Bg2
g6 22. g5 Nh5 23. Nd5 Qf8 24. Bf3 Ng7 25. Nf6+ Kh8 26. fxg6 fxg6 27. Bg2 Nge6
28. h4 h6 29. Bd5 Kg7 30. Re3 hxg5 31. Rf3 Qh8 32. hxg5 Qh4 33. Rg3 Rh8 34. Bg2
Rbd8 35. Rg4 Qh2+ 36. Kf1 b6 37. Re1 Rh4 38. Rg3 Rd4 39. Qc3 Nxg5 40. Ng4 Qh4
41. Ne3 Rf8 42. Re2 Nce4 0-1

[Event "Elit(Wasa-Vasteras)"]
[Site "?"]
[Date "2007.11.17"]
[Round "4"]
[White "Janse, Rasmus"]
[Black "Collett, Peter"]
[Result "1/2-1/2"]
[WhiteElo "2204"]
[BlackElo "2262"]
[PlyCount "130"]
[SourceDate "2007.12.13"]

1. d4 Nf6 2. c4 e6 3. Nc3 Bb4 4. Bg5 c5 5. d5 Bxc3+ 6. bxc3 d6 7. e3 Qe7 8. Bd3
exd5 9. cxd5 Qe5 10. Bxf6 Qxf6 11. Ne2 O-O 12. O-O Nd7 13. f4 Re8 14. Qd2 Qh6
15. Ng3 Nf6 16. Rfe1 Ng4 17. h3 Nf6 18. e4 Qh4 19. Qf2 Bd7 20. Qf3 Rac8 21. c4
Re7 22. Rab1 b6 23. Re3 Rce8 24. Rbe1 g5 25. fxg5 Qxg5 26. Qf2 Kh8 27. Rf3 Ng8
28. Kh2 f6 29. Rf1 Re5 30. Ne2 R8e7 31. Rg3 Qh6 32. Ng1 Rg5 33. Nf3 Rgg7 34.
Ne1 Re5 35. Qf4 Qxf4 36. Rxf4 Ree7 37. Bc2 Rxg3 38. Kxg3 Kg7 39. Rf1 Be8 40.
Kf4 Bg6 41. g4 Be8 42. Nf3 Nh6 43. h4 Nf7 44. g5 fxg5+ 45. hxg5 Ne5 46. Nxe5
Rxe5 47. Bd1 Bg6 48. Re1 h6 49. gxh6+ Kxh6 50. Bf3 Kg7 51. a4 Kf6 52. a5 Bh5
53. axb6 axb6 54. Rh1 Bxf3 55. Kxf3 Re8 56. Kf4 Rf8 57. Rb1 Rh8 58. Rxb6 Rh4+
59. Kg3 Rxe4 60. Rxd6+ Kf7 61. Rc6 Rxc4 62. Kf3 Ke7 63. Ke3 Kd7 64. Ke2 Re4+
65. Kf3 Rc4 1/2-1/2

[Event "Elit(Wasa-Vasteras)"]
[Site "?"]
[Date "2007.11.17"]
[Round "4"]
[White "Berkell, Peder"]
[Black "Nilsson, Andre"]
[Result "1/2-1/2"]
[WhiteElo "2213"]
[BlackElo "2324"]
[PlyCount "34"]

1. d4 g6 2. c4 Bg7 3. Nf3 Nf6 4. Nc3 O-O 5. Bg5 d6 6. e3 Nbd7 7. Be2 e5 8. Qc2
c6 9. Rd1 Qe7 10. O-O h6 11. Bh4 Re8 12. dxe5 dxe5 13. Nd2 g5 14. Bg3 Nf8 15.
h4 Ng4 16. hxg5 hxg5 17. Nde4 Bf5 1/2-1/2

[Event "Elit(Wasa-Vasteras)"]
[Site "?"]
[Date "2007.11.17"]
[Round "4"]
[White "Kretz, Johan"]
[Black "Soderberg, Per"]
[Result "1/2-1/2"]
[WhiteElo "2227"]
[BlackElo "2199"]
[PlyCount "85"]

1. d4 Nf6 2. c4 e6 3. Nf3 c5 4. e3 b6 5. Nc3 Bb7 6. d5 d6 7. e4 e5 8. Bd3 g6 9.
O-O Bg7 10. Ne1 O-O 11. f4 exf4 12. Bxf4 Nh5 13. Be3 Nd7 14. Be2 Nhf6 15. Nd3
Qe8 16. Bf3 Ne5 17. Nxe5 Qxe5 18. Qd2 Ba6 19. Bf4 Qe7 20. e5 Ne8 21. exd6 Nxd6
22. b3 Rae8 23. Rae1 Qd7 24. h3 f5 25. Re6 Nf7 26. Rfe1 Nd8 27. Rxe8 Rxe8 28.
a4 Nf7 29. Kf1 Be5 30. g3 Bb7 31. Bg2 a6 32. Re2 Qd6 33. Qe1 Kg7 34. g4 Bc8 35.
g5 Bd7 36. Bxe5+ Rxe5 37. Rxe5 Nxe5 38. Qe3 Nf7 39. Ne2 Kf8 40. Kf2 Qe7 41. h4
Ne5 42. Bf3 Qd6 43. Nf4 1/2-1/2

[Event "Elit(Wasa-Vasteras)"]
[Site "?"]
[Date "2007.11.17"]
[Round "4"]
[White "Nystrom, Ragnar"]
[Black "Wikstrom, Per"]
[Result "1/2-1/2"]
[WhiteElo "1955"]
[BlackElo "2175"]
[PlyCount "172"]

1. d4 d5 2. c4 c6 3. g3 Nf6 4. Bg2 e6 5. Nf3 dxc4 6. O-O b5 7. a4 Bb7 8. b3
cxb3 9. Nbd2 a6 10. Qxb3 Nbd7 11. e4 Nb6 12. axb5 cxb5 13. Re1 Be7 14. Bb2 O-O
15. Rad1 Rc8 16. e5 Nfd7 17. Ne4 Bd5 18. Qd3 Na4 19. Ba1 h6 20. g4 Qc7 21. g5
Qc2 22. Qxc2 Rxc2 23. gxh6 gxh6 24. Bf1 Kh8 25. Bd3 Rg8+ 26. Kf1 Rc6 27. Rc1
Rgc8 28. Rxc6 Rxc6 29. Nfd2 Ba3 30. Ke2 Kg7 31. Nb1 Bb4 32. Rg1+ Kf8 33. Nf6
Nxf6 34. exf6 Nb6 35. Bb2 Nd7 36. Bc1 Nxf6 37. Bxh6+ Ke8 38. Nd2 Be7 39. Nf3
Bxf3+ 40. Kxf3 Rc3 41. Ke2 Ra3 42. h4 b4 43. Rc1 Kd7 44. Bd2 Nd5 45. Rh1 Ra2
46. Bc4 Nc3+ 47. Kd3 Ra3 48. Bc1 Nd1+ 49. Ke2 Rc3 50. Bxa6 Rxc1 51. Rxd1 Rxd1
52. Kxd1 Bxh4 53. f3 Bf6 54. d5 exd5 55. Kc2 Kd6 56. Bb5 Bc3 57. Kd3 Ke5 58.
Be8 f6 59. Bf7 Be1 60. Be8 Bh4 61. Bc6 Bg5 62. Ba4 f5 63. Bb3 Bc1 64. Kc2 Be3
65. Kd3 Bf2 66. Ke2 Bd4 67. Kd3 Bc3 68. Ba2 d4 69. Bc4 Kf4 70. Ke2 Kg3 71. Bd3
f4 72. Bc2 Kg2 73. Bd1 Kg3 74. Bc2 Kg2 75. Bd1 Bb2 76. Bc2 Bc1 77. Bd1 Be3 78.
Bc2 Kg3 79. Bd1 Kg2 80. Bc2 d3+ 81. Bxd3 b3 82. Bc4 b2 83. Bd3 Kg3 84. Be4 Kh4
85. Kd1 Kg5 86. Kc2 Bd4 1/2-1/2

[Event "Elit(Solna-Upsala)"]
[Site "?"]
[Date "2007.11.17"]
[Round "4"]
[White "Johansson, Jan"]
[Black "Jonsson, Mikael"]
[Result "1-0"]
[WhiteElo "2473"]
[BlackElo "2308"]
[PlyCount "69"]

1. d4 d5 2. c4 c6 3. Nf3 Nf6 4. Qc2 dxc4 5. Qxc4 Bf5 6. Nc3 e6 7. g3 Nbd7 8.
Bg2 Be7 9. O-O O-O 10. Re1 Ne4 11. Qb3 Qb6 12. Nh4 Qxb3 13. axb3 Bxh4 14. gxh4
Nef6 15. e4 Bg6 16. Bf4 Rfe8 17. Bd6 a6 18. Rad1 Rad8 19. f3 Nf8 20. Bb4 Nh5
21. Na4 f6 22. Nc5 Rb8 23. Bd2 Bf7 24. Be3 a5 25. Nd3 Ng6 26. Ra1 Ra8 27. Nc5
Re7 28. b4 b6 29. Na4 axb4 30. Nxb6 Rb8 31. Ra6 Nxh4 32. Rc1 Be8 33. Na4 e5 34.
dxe5 fxe5 35. Bg5 1-0

[Event "Elit(Solna-Upsala)"]
[Site "?"]
[Date "2007.11.17"]
[Round "4"]
[White "Lindberg, Bengt"]
[Black "Lundvik, Jonas"]
[Result "1-0"]
[WhiteElo "2495"]
[BlackElo "2356"]
[PlyCount "59"]

1. e4 e6 2. d4 d5 3. Nc3 dxe4 4. Nxe4 Nf6 5. Nxf6+ Qxf6 6. Nf3 h6 7. Bb5+ Bd7
8. Qe2 a6 9. Bc4 Nc6 10. d5 Bb4+ 11. c3 Bxc3+ 12. bxc3 Qxc3+ 13. Qd2 Qxa1 14.
dxc6 Bxc6 15. O-O Rd8 16. Qb4 Qf6 17. Bb2 Qf4 18. Be5 Qf5 19. Bxc7 Rd7 20. Bg3
Bxf3 21. gxf3 Qxf3 22. Bb3 h5 23. Rc1 Rh6 24. Qb6 h4 25. Rc8+ Ke7 26. Qc5+ Kf6
27. Qe5+ Ke7 28. Qg5+ Rf6 29. Qc5+ Rd6 30. Qxd6# 1-0

[Event "Elit(Solna-Upsala)"]
[Site "?"]
[Date "2007.11.17"]
[Round "4"]
[White "Glimbrandt, Torbjorn"]
[Black "Karlsson, Tomas"]
[Result "1/2-1/2"]
[WhiteElo "2342"]
[BlackElo "2287"]
[PlyCount "65"]

1. Nf3 Nf6 2. c4 g6 3. g3 Bg7 4. Bg2 O-O 5. O-O d5 6. d4 c6 7. cxd5 cxd5 8. Ne5
e6 9. Nc3 Nfd7 10. f4 Nxe5 11. fxe5 Nc6 12. e3 f6 13. exf6 Rxf6 14. Rxf6 Qxf6
15. Bd2 Bh6 16. Ne2 Bd7 17. Qb3 b6 18. Nf4 Bxf4 19. gxf4 Rc8 20. Rc1 Qf8 21.
Qd3 Ne7 22. Rxc8 Qxc8 23. Qc3 Qxc3 24. Bxc3 Bb5 25. Kf2 Kf7 26. Bf3 Nf5 27. Bb4
a5 28. Ba3 Bd3 29. Bg4 Bb1 30. Bxf5 exf5 31. Bd6 Bxa2 32. Bc7 a4 33. Bxb6
1/2-1/2

[Event "Elit(Solna-Upsala)"]
[Site "?"]
[Date "2007.11.17"]
[Round "4"]
[White "Bergstrom, Christer"]
[Black "Andersson, Fredrik"]
[Result "0-1"]
[WhiteElo "2351"]
[BlackElo "2326"]
[PlyCount "48"]

1. Nf3 Nf6 2. c4 g6 3. Nc3 Bg7 4. e4 d6 5. d4 O-O 6. Be2 e5 7. O-O Nc6 8. Be3
Ng4 9. Bg5 f6 10. Bh4 g5 11. Bg3 Nh6 12. h3 f5 13. exf5 Nxd4 14. Nxd4 exd4 15.
Nb5 Nxf5 16. Bd3 Nxg3 17. fxg3 Rxf1+ 18. Qxf1 c6 19. Qf3 Qe7 20. Rf1 g4 21.
hxg4 cxb5 22. Qd5+ Be6 23. Qh5 Be5 24. g5 Bxc4 0-1

[Event "Elit(Solna-Upsala)"]
[Site "?"]
[Date "2007.11.17"]
[Round "4"]
[White "Magnusson, Jorgen"]
[Black "Landgren, Andreas"]
[Result "1-0"]
[WhiteElo "2308"]
[BlackElo "2213"]
[PlyCount "81"]

1. e4 c5 2. Nf3 d6 3. d4 cxd4 4. Nxd4 Nf6 5. Nc3 a6 6. Be2 e6 7. Be3 Be7 8. Qd2
Nc6 9. O-O-O O-O 10. f4 Bd7 11. g4 Nxd4 12. Qxd4 Bc6 13. g5 Nd7 14. h4 b5 15.
Rhg1 Qa5 16. h5 b4 17. h6 e5 18. Nd5 exd4 19. Nxe7+ Kh8 20. hxg7+ Kxg7 21.
Bxd4+ Ne5 22. Nxc6 Qa4 23. Ne7 Rfe8 24. fxe5 dxe5 25. Nf5+ Kh8 26. b3 Qc6 27.
Bb2 Qxe4 28. Bd3 Qf4+ 29. Kb1 Rad8 30. Rdf1 Qd2 31. Nh6 Rd5 32. Nxf7+ Kg7 33.
g6 h6 34. Bc1 Qc3 35. Bxh6+ Kg8 36. Bc4 Qd4 37. Bxd5 Qxd5 38. Bg5 Rc8 39. Bf6
Qe4 40. Nh6+ Kf8 41. g7+ 1-0

[Event "Elit(Solna-Upsala)"]
[Site "?"]
[Date "2007.11.17"]
[Round "4"]
[White "Steneskog, Per"]
[Black "Burwick, Malte"]
[Result "1-0"]
[WhiteElo "2245"]
[BlackElo "2278"]
[PlyCount "113"]

1. d4 g6 2. c4 Bg7 3. Nc3 d6 4. e4 e5 5. dxe5 dxe5 6. Qxd8+ Kxd8 7. f4 Be6 8.
Nf3 Nc6 9. Be3 Nf6 10. O-O-O+ Kc8 11. g3 h6 12. h3 Re8 13. Nd2 Nh5 14. f5 Bd7
15. g4 Ng3 16. Rg1 Nxf1 17. Rdxf1 b6 18. Nd5 g5 19. h4 Nd4 20. Bxd4 exd4 21.
hxg5 hxg5 22. Rh1 c6 23. Nb4 Be5 24. Nd3 c5 25. Rh7 Bg3 26. Rxf7 Bc6 27. Rh1
Bh4 28. Rf1 Bxe4 29. Nxe4 Rxe4 30. Rf8+ Kb7 31. Rxa8 Kxa8 32. f6 Bg3 33. f7 Bd6
34. f8=Q+ Bxf8 35. Rxf8+ Kb7 36. Nf2 Re2 37. Rf5 Ka6 38. Nd3 Re3 39. Kd2 Rg3
40. b4 Rxg4 41. b5+ Kb7 42. Rf7+ Kb8 43. Ne5 Rg2+ 44. Kd3 Rxa2 45. Ke4 Kc8 46.
Nc6 Rh2 47. Rg7 Rh4+ 48. Kd5 d3 49. Nxa7+ Kd8 50. Nc6+ Ke8 51. Rxg5 Kd7 52.
Ne5+ Kc7 53. Rg7+ Kc8 54. Nxd3 Rh5+ 55. Ne5 Kb8 56. Kd6 Rh6+ 57. Ng6 1-0

[Event "Elit(Solna-Upsala)"]
[Site "?"]
[Date "2007.11.17"]
[Round "4"]
[White "Lindberg, Henrik"]
[Black "Johansson, Gunnar"]
[Result "1/2-1/2"]
[WhiteElo "2255"]
[BlackElo "2270"]
[PlyCount "115"]

1. e4 c5 2. Nf3 Nc6 3. d4 cxd4 4. Nxd4 e6 5. Nb5 d6 6. c4 Nf6 7. N1c3 a6 8. Na3
b6 9. Be2 Bb7 10. O-O Be7 11. Be3 O-O 12. f3 Re8 13. Qd2 d5 14. cxd5 exd5 15.
Nxd5 Nxd5 16. Qxd5 Qxd5 17. exd5 Nb4 18. Bd4 Nxd5 19. Bc4 b5 20. Bxd5 Bxd5 21.
Nc2 Rac8 22. Rf2 Bh4 23. g3 Bd8 24. b3 Bxf3 25. Rxf3 Rxc2 26. Rf2 Rxf2 27. Kxf2
Re4 28. Be3 h5 29. Rd1 Bf6 30. Rd6 Re6 31. Rxe6 fxe6 32. Kf3 Kf7 33. h3 Ke7 34.
Ke4 Kd6 35. g4 hxg4 36. hxg4 g6 37. Bf2 Bb2 38. Be3 e5 39. Bf2 Ke6 40. Bh4 Bd4
41. Bd8 Kd7 42. Bf6 Kd6 43. Bd8 Ke6 44. Bg5 a5 45. a4 bxa4 46. bxa4 Bb6 47. Bd2
Bd8 48. Be1 Bb6 49. Bg3 Bc7 50. Be1 Kd6 51. Bc3 Ke6 52. Be1 Bb6 53. Bg3 Bd4 54.
Be1 Bb6 55. Bg3 Bc7 56. Be1 Kf6 57. Bh4+ Ke6 58. Be1 1/2-1/2

[Event "Elit(Solna-Upsala)"]
[Site "?"]
[Date "2007.11.17"]
[Round "4"]
[White "Bergstrom, Magnus"]
[Black "Marttala, Thomas"]
[Result "1/2-1/2"]
[WhiteElo "2213"]
[BlackElo "2290"]
[PlyCount "142"]

1. c4 Nf6 2. Nc3 g6 3. Nf3 Bg7 4. g3 O-O 5. Bg2 c6 6. d4 d5 7. cxd5 cxd5 8. Ne5
e6 9. O-O Nfd7 10. Nxd7 Bxd7 11. e3 Nc6 12. b3 Ne7 13. Ba3 Bc6 14. Qc1 Re8 15.
Bxe7 Qxe7 16. Qb2 Rec8 17. Rfc1 Bf8 18. a3 Rc7 19. Bf1 Rac8 20. b4 Be8 21. Bd3
Qd8 22. Kg2 Bg7 23. Nb5 Bxb5 24. Bxb5 e5 25. Rxc7 Qxc7 26. Rd1 exd4 27. exd4
Qc2 28. Qxc2 Rxc2 29. Rd3 Kf8 30. Ba4 Ra2 31. Bd7 Ke7 32. Bc8 b6 33. Bb7 Kd6
34. g4 Rc2 35. Kf3 Rc4 36. Ke3 Rc7 37. Ba6 Re7+ 38. Kd2 Re4 39. f3 Rxd4 40.
Rxd4 Bxd4 41. a4 Ke5 42. Kd3 Bf2 43. h3 Be1 44. b5 Bg3 45. Bb7 f6 46. Bc6 g5
47. Bd7 Bf2 48. Bf5 h6 49. Bg6 Kf4 50. Ke2 Bc5 51. Bf7 Ke5 52. Kd3 Bg1 53. Bg8
Kd6 54. Bf7 Kc5 55. Be6 Kd6 56. Bf7 Ke5 57. Bg8 d4 58. Bh7 Kf4 59. Ke2 Kg3 60.
Be4 Kxh3 61. Bf5 Kg3 62. Bg6 Kf4 63. Bh7 Ke5 64. Bg8 f5 65. Bf7 Kf4 66. Be6
fxg4 67. fxg4 Ke5 68. Bf7 Ke4 69. Bg6+ Kf4 70. Bh5 Ke4 71. Bg6+ Kd5 1/2-1/2

[Event "Elit(Rockaden-Sollentuna)"]
[Site "?"]
[Date "2007.11.17"]
[Round "4"]
[White "Berg, Emanuel"]
[Black "Hermansson, Emil"]
[Result "1-0"]
[WhiteElo "2662"]
[BlackElo "2543"]
[PlyCount "131"]

1. e4 e5 2. Nf3 Nc6 3. Bb5 Nf6 4. O-O Nxe4 5. d4 Nd6 6. Bxc6 dxc6 7. dxe5 Nf5
8. Qxd8+ Kxd8 9. Nc3 Ne7 10. h3 Ng6 11. Ng5 Ke8 12. f4 h6 13. Nge4 h5 14. f5
Nxe5 15. Bf4 f6 16. Bxe5 fxe5 17. Rae1 Bd6 18. Ng5 Bd7 19. Nce4 Ke7 20. f6+
gxf6 21. Rxf6 Raf8 22. Ref1 Bc5+ 23. Kh2 Be3 24. Rf7+ Rxf7 25. Rxf7+ Kd8 26.
Rf3 Bxg5 27. Nxg5 Rg8 28. Nf7+ Ke7 29. Nxe5 Be6 30. a3 c5 31. Nd3 c4 32. Nf4
Bf7 33. Rg3 Rd8 34. Re3+ Kf6 35. Kg3 Rd4 36. Rf3 Kg5 37. Ne2 h4+ 38. Kf2 Rd7
39. g3 hxg3+ 40. Rxg3+ Kf6 41. Rf3+ Kg5 42. Rf4 Bh5 43. h4+ Kg6 44. Rd4 Rxd4
45. Nxd4 Bd1 46. c3 Kf6 47. Nb5 c6 48. Nxa7 Ke6 49. Nc8 b5 50. Nb6 Kd6 51. a4
Kc7 52. a5 Bh5 53. Ke3 Be8 54. Kd4 Kb7 55. Kc5 Ka6 56. Nc8 Kxa5 57. Nd6 Bg6 58.
Kxc6 Ka4 59. Kc5 Kb3 60. Nxb5 Kxb2 61. Kxc4 Kc2 62. Kd4 Kd2 63. Nd6 Ke2 64. Ne4
Kf3 65. Nf6 Kf4 66. h5 1-0

[Event "Elit(Rockaden-Sollentuna)"]
[Site "?"]
[Date "2007.11.17"]
[Round "4"]
[White "Nielsen, Peter Heine"]
[Black "Ivanov, Sergej"]
[Result "1-0"]
[WhiteElo "2688"]
[BlackElo "2587"]
[PlyCount "81"]

1. d4 Nf6 2. c4 e6 3. g3 c5 4. Nf3 cxd4 5. Nxd4 d5 6. Bg2 e5 7. Nf3 d4 8. O-O
Nc6 9. e3 d3 10. e4 Be6 11. Nc3 Qd7 12. b3 Bc5 13. Bg5 Ng4 14. Nd5 h6 15. Be3
Bxe3 16. fxe3 f5 17. exf5 Bxd5 18. cxd5 Nb4 19. Qd2 Nxd5 20. h3 Ngxe3 21. Nxe5
Nxf1 22. Rxf1 Qd6 23. Ng6 O-O-O 24. Nxh8 Rxh8 25. Qxd3 Qc5+ 26. Kh1 Ne3 27. b4
Qe5 28. Rc1+ Kb8 29. Re1 Re8 30. Qd7 Qe7 31. Qb5 a6 32. Qb6 Qc7 33. Qxc7+ Kxc7
34. Kg1 Re7 35. g4 Kd6 36. Bxb7 a5 37. bxa5 Nxf5 38. Rb1 Nd4 39. a6 Nc6 40. Rb6
Re1+ 41. Kf2 1-0

[Event "Elit(Rockaden-Sollentuna)"]
[Site "?"]
[Date "2007.11.17"]
[Round "4"]
[White "Agrest, Evgenij"]
[Black "Engqvist, Thomas"]
[Result "1-0"]
[WhiteElo "2653"]
[BlackElo "2428"]
[PlyCount "111"]

1. c4 c6 2. Nf3 d5 3. e3 Nf6 4. Qc2 g6 5. b3 Bg7 6. Bb2 O-O 7. Be2 Bg4 8. h3
Bxf3 9. Bxf3 Nbd7 10. Nc3 Rc8 11. O-O Qc7 12. Rac1 Qb8 13. Qb1 e6 14. Rfd1 Rfd8
15. d3 Ne8 16. Be2 Nd6 17. Bf1 a6 18. Ne2 b5 19. Bxg7 Kxg7 20. Ng3 c5 21. Qa1+
Kg8 22. Be2 Nb6 23. cxd5 exd5 24. Bf3 Ne8 25. Ne2 Ng7 26. a4 bxa4 27. bxa4 a5
28. Rb1 Qa7 29. Rb5 Ne6 30. Rdb1 Rd6 31. Nc3 Ng5 32. Bg4 Rcc6 33. h4 Ne6 34.
Bf3 Nc7 35. R5b2 c4 36. d4 Rf6 37. Qa3 Kg7 38. Bg4 h5 39. Bh3 Na6 40. Rb5 Nb4
41. g3 Nd3 42. Rf1 Nb4 43. Bg2 Rfd6 44. Rb1 Qa6 45. Kh2 Nc2 46. Qc1 Nb4 47. Qd1
Kg8 48. Kg1 f5 49. Qc1 Kh7 50. Qa3 Nc2 51. Qb2 Nb4 52. Rxb4 axb4 53. Qxb4 Nd7
54. Nxd5 c3 55. Nxc3 Rc4 56. Qa3 1-0

[Event "Elit(Rockaden-Sollentuna)"]
[Site "?"]
[Date "2007.11.17"]
[Round "4"]
[White "Karlsson, Lars"]
[Black "Ernst, Thomas"]
[Result "1-0"]
[WhiteElo "2558"]
[BlackElo "2530"]
[PlyCount "67"]

1. c4 c5 2. Nc3 Nc6 3. g3 g6 4. Bg2 Bg7 5. a3 a6 6. Rb1 Rb8 7. b4 cxb4 8. axb4
b5 9. cxb5 axb5 10. Bxc6 dxc6 11. Bb2 e5 12. Ne4 Qd5 13. f3 Ne7 14. Nc5 O-O 15.
e4 Qd6 16. d3 f5 17. Qb3+ Kh8 18. h4 fxe4 19. dxe4 Ng8 20. Rd1 Qf6 21. Rh2 Nh6
22. Rhd2 Nf7 23. f4 Bg4 24. Nf3 Qe7 25. Rd7 Bxd7 26. Rxd7 Qe8 27. Ng5 Nxg5 28.
hxg5 Rg8 29. Rxg7 Rxg7 30. Bxe5 Ra8 31. Ne6 Raa7 32. Nxg7 Rxg7 33. Qa2 Qf8 34.
Ke2 1-0

[Event "Elit(Rockaden-Sollentuna)"]
[Site "?"]
[Date "2007.11.17"]
[Round "4"]
[White "Carlsson, Pontus"]
[Black "Livner, Anders"]
[Result "1-0"]
[WhiteElo "2578"]
[BlackElo "2397"]
[PlyCount "37"]

1. e4 c5 2. Nf3 d6 3. d4 cxd4 4. Nxd4 Nf6 5. Nc3 a6 6. Bg5 e6 7. f4 Qc7 8. Qf3
b5 9. Bxf6 gxf6 10. O-O-O b4 11. Nce2 Bb7 12. Qh5 Qc5 13. e5 Bd5 14. f5 Bxa2
15. fxe6 fxe5 16. Qxf7+ Kd8 17. Nf5 Kc8 18. Qf6 b3 19. Rd2 1-0

[Event "Elit(Rockaden-Sollentuna)"]
[Site "?"]
[Date "2007.11.17"]
[Round "4"]
[White "Bator, Robert"]
[Black "Lindberg, Bo"]
[Result "1-0"]
[WhiteElo "2405"]
[BlackElo "2472"]
[PlyCount "63"]

1. d4 Nf6 2. Nf3 e6 3. g3 b5 4. a4 b4 5. Bg2 Bb7 6. c4 a5 7. O-O d6 8. Nbd2
Nbd7 9. Re1 g6 10. e4 e5 11. c5 Bg7 12. Qc2 dxc5 13. dxe5 Ng4 14. Nc4 Ngxe5 15.
Nfxe5 Nxe5 16. Nxe5 Bxe5 17. Bh6 Qe7 18. Rad1 Bd4 19. e5 Bxg2 20. Kxg2 Qe6 21.
Bg7 Rg8 22. Bf6 b3 23. Qc1 h5 24. h4 Rb8 25. Kg1 Qd5 26. Rxd4 cxd4 27. Qxc7 Qb7
28. Qd6 Qb4 29. Qc6+ Kf8 30. Rc1 Re8 31. Qd6+ Qxd6 32. exd6 1-0

[Event "Elit(Rockaden-Sollentuna)"]
[Site "?"]
[Date "2007.11.17"]
[Round "4"]
[White "Dzevlan, Miralem"]
[Black "Johansson, Robin"]
[Result "1/2-1/2"]
[WhiteElo "2442"]
[BlackElo "2282"]
[PlyCount "102"]

1. d4 d5 2. c4 e5 3. dxe5 d4 4. Nf3 Nc6 5. a3 Nge7 6. e3 Bg4 7. Be2 dxe3 8.
Bxe3 Qxd1+ 9. Bxd1 O-O-O 10. Nbd2 Ng6 11. e6 f6 12. O-O Bxe6 13. Be2 Bd6 14.
Rfe1 Rhe8 15. Bf1 Bf4 16. g3 Bxe3 17. Rxe3 Bg4 18. Rae1 Rxe3 19. Rxe3 Nge5 20.
Kg2 Bf5 21. h3 h5 22. Be2 g5 23. Nxe5 Nxe5 24. Ne4 Bxe4+ 25. Rxe4 Rd2 26. Bxh5
Rxb2 27. h4 gxh4 28. gxh4 c5 29. Be2 Kd7 30. h5 Ke6 31. h6 Kf7 32. f4 Ng6 33.
Kg3 f5 34. Re3 Rb1 35. Bf3 Rg1+ 36. Kf2 Rc1 37. Bd5+ Kf8 38. Re6 Nxf4 39. Rf6+
Ke7 40. h7 Nxd5 41. h8=Q Nxf6 42. Qg7+ Ke6 43. Qxb7 Ne4+ 44. Ke3 Rc3+ 45. Kf4
Rxc4 46. Qxa7 Nd6+ 47. Kf3 Rc3+ 48. Kf4 Rc4+ 49. Kf3 Rc3+ 50. Kf4 Rc4+ 51. Ke3
Rc3+ 1/2-1/2